000 01251nam a2200313 i 4500
001 26694
003 Mx-PuUPA
005 20250331103739.0
008 140415s2023 ck a gr 001 0 spa d
020 _a9789585034006
020 _a9789585034013
_qe-ISBN
040 _cMx-PuUPA
_aMx-PuUPA
_bspa
_dMx-PuUPA
_erda
041 0 _aspa
100 1 _aArdila Duarte, Gerardo,
_eautor
_916852
245 1 0 _aBioestadística inferencial y multivariada :
_brigurosamente sencilla /
_cGerardo Ardila Duarte, Sandra Elizabeth Aguilera Rojas
250 _a1ra edición /
_benero
264 1 _aBogotá, Colombia :
_bECOE ediciones,
_c2023
300 _a244 páginas :
_bilustraciones ;
_c24 cm
336 _2rdacontent
_atexto
_btxt
337 _2rdamedia
_asin medio
_bn
338 _2rdacarrier
_avolumen
_bnc
650 7 _2armarc
_aEstadística vital
_xProcesamiento de datos
_vProblemas, ejercicios, etc.
650 7 _2armarc
_aProbabilidades
_xProcesamiento de datos
_vProblemas, ejercicios, etc.
700 1 _aAguilera Rojas, Sandra Elizabeth,
_eautor
942 _2ddc
_cLI
_h570.151950285
_iA67
999 _c26694
_d26694